000 00679nam a22001817a 4500
999 _c58893
_d58893
005 20221017114308.0
008 221017s2011ge xxu||||| |||| 00| 0 ger d
020 _a9783050045412
080 _a821.112.2 T-24
100 _a Tausch, Harald.
_915331
245 _aLiteratur um 1800 :
_bKlassisch-romantische Moderne /
_c Tausch Harald.
264 _a Berlin:
_bAkademie Verlag,
_c2011.
300 _a259 p.:
_b23 cm.
653 _a Literatur um 1800 : Klassisch-romantische Moderne
653 _aკლასიკურ-რომანტიკული მოდერნიზმი
653 _aგერმანული ლიტერატურა
942 _2udc
_cBK